000 01015nam a22003017a 4500
003 CHAP
005 20220329141658.0
008 971013s1966 r 00010 d
010 _a72088
011 _a73060
035 _a82617
040 _cCHAP
090 _aFolleto 7153
100 0 0 _aAguirre B., Francisco.
_92957
245 _aLautilización industrial del grano de café y de sus subproductos
260 _aGuatemala :
_bInstituto Centroamericano de Investigación y Tecnología Industrial,
_c1966
300 _a33 p.
490 _aInvestigaciones tecnológicas del ICAITI
_v; 1
590 _aBATCH-UPD
_b10
_c20130110
_lUCH01
_h0504
590 _aBATCH-UPD
_b10
_c20130410
_lUCH01
_h0142
590 _aBATCH-UPD
_b10
_c20130913
_lUCH01
_h2317
590 _aCONVERSION
_b10
_c20130109
_lUCH01
_h1339
650 1 4 _aCafé
_xSubproductos.
_917203
830 0 _aInvestigaciones tecnológicas del ICAITI
_v; 1
_960219
901 _aBK
942 _cFOLL
949 _aFolleto 7153
_bBC
_cFOLL
_d-36769
_eTS1
_i82617
_si
999 _c72088
_d72088